Music Quiz

Random Music or Singers Quiz

Quick Pick 'F' Singers Quiz Stats

 Plays Quiz not verified by Sporcle

Support Sporcle.
Go Orange.
Score 0/10 Timer 01:00
0 Plays Today
% Correct
John Fogerty
85.2%
Glenn Frey
85%
Brandon Flowers
75.4%
Bryan Ferry
74%
Marie Fredriksson
73%
Donald Fagen
72.3%
Perry Farrell
66.1%
Richard Fairbrass
62.3%
Justine Frischmann
58%
Fish
55.4%

You're not logged in!

Compare scores with friends on all Sporcle quizzes.
OR
Log In

From the Vault

This Movie Is Not Suitable for Children III

by Tolkienite

But you probably let your kids watch most of these movies anyway.
Remove Ads.
Support Sporcle.
Get the best of Sporcle when you Go Orange. This ad-free experience offers more features, more stats, and more fun while also helping to support Sporcle. Thank you for becoming a member.

Show Comments

Extras

Top Quizzes Today


Score Distribution

Your Account Isn't Verified!

In order to create a playlist on Sporcle, you need to verify the email address you used during registration. Go to your Sporcle Settings to finish the process.

Report this User

Report this user for behavior that violates our Community Guidelines.

Details: